000 00644nam a2200277Ia 4500
005 20260324140118.0
008 008 260324s9999 xx 000 0 eng d
020 _a9781003065425
037 _aEBOOK
040 _aCRL
040 _beng
040 _cCRL
041 _2eng
041 _aeng
084 _qCRL
100 _aSang Yup Lee; E. Terry Papoutsakis
_91203171
245 0 _aMetabolic Engineering
260 _bTaylor and Francis
260 _c1999
365 _a
365 _b370
856 _uhttp://www.taylorfrancis.com/books/9781003065425
942 _cEBOOK
999 _c1804883
_d1804883